000 00725nam a2200217Ia 4500
003 GCL
008 140319s9999 xx 000 0 ara d
040 _aGCL /
_cGCL
082 0 4 _a960
_bا و
100 1 _aانور عبدالغنى العقاد
245 1 0 _aالوجيز فى اقليمية القارة الافريقية /
_cانور عبدالغنى العقاد
260 _a[S.N] :
_bدار المريخ للنشر ،
_c1982
300 _a344 ص
490 _a
650 0 4 _aالاحوال الاقتصادية
650 0 4 _aافريقيا
650 0 4 _aالجغرافيا
650 0 4 _aافريقيا - خرائط
650 0 4 _aافريقيا - احوال وعادات اجتماعية
942 _2ddc
_cBK
999 _c55761
_d55761